Fabio Capello's Juventus - Statistics

General Stats
  • This quiz has been taken 15 times
  • The average score is 22 of 36
Answer Stats
Rank Player Position Nationality Matches Goals Assists % Correct
7 Alessandro Del Piero Second Striker 86 37 13
100%
9 Gianluigi Buffon Goalkeeper 72 0 0
100%
8 Pavel Nedved Left Midfield 84 17 20
100%
2 Zlatan Ibrahimović Centre-Forward 92 26 19
100%
4 Emerson Defensive Midfield 91 6 4
93%
3 Gianluca Zambrotta Right-Back 91 0 8
93%
14 Adrian Mutu Left Winger 46 11 8
86%
10 David Trezeguet Centre-Forward 66 43 5
86%
6 Lilian Thuram Centre-Back 88 0 2
86%
1 Fabio Cannavaro Centre-Back 95 7 0
79%
30 Igor Tudor Centre-Back 4 0 0
79%
5 Mauro Camoranesi Right Midfield 90 8 30
79%
22 Giorgio Chiellini Centre-Back 23 0 1
71%
27 Paolo Montero Centre-Back 12 0 0
71%
16 Gianluca Pessotto Left-Back 40 1 0
64%
13 Jonathan Zebina Centre-Back 46 0 2
64%
11 Marcelo Zalayeta Centre-Forward 65 10 9
64%
15 Patrick Vieira Defensive Midfield 42 5 8
64%
23 Stephen Appiah Defensive Midfield 23 2 0
64%
26 Alessandro Birindelli Right-Back 18 0 0
57%
28 Antonio Chimenti Goalkeeper 9 0 0
57%
33 Mark Iuliano Centre-Back 1 0 0
57%
21 Alessio Tacchinardi Defensive Midfield 24 0 2
50%
29 Ciro Ferrara Centre-Back 5 0 0
50%
12 Manuele Blasi Central Midfield 57 0 1
43%
17 Rubén Olivera Central Midfield 30 4 5
43%
19 Christian Abbiati Goalkeeper 27 0 0
36%
24 Giuliano Giannichedda Defensive Midfield 23 0 1
36%
25 Olivier Kapo Attacking Midfield 19 0 1
36%
20 Robert Kovac Centre-Back 24 1 0
36%
18 Federico Balzaretti Left-Back 28 0 0
29%
31 Nicola Legrottaglie Centre-Back 2 0 0
29%
32 Fabrizio Miccoli Centre-Forward 1 0 0
21%
34 Gladstone Centre-Back 1 0 0
21%
35 Andrea Masiello Centre-Back 1 0 0
7%
36 Rey Volpato Centre-Forward 1 0 0
7%
No matching quizzes found
Score Distribution
Percent of People with Each Score
Percentile by Number Answered
Your Score History
You have not taken this quiz